000 00325 a2200109 4500
001 ART_31279
005 20260410161840.0
008 260409a
245 1 0 _aEl régimen de compre trabajo argentino y sus problemas
100 1 _aNavarro, Damián
773 0 _tRAP
_g- Año 36, Nº 422 (nov. 2013)
_wREV5941
999 _c24016
_d24016